000 00636nam a2200193 a 4500
001 000032955
005 20240412074256.0
008 110804s1994 dr r 000 p spa d
040 _aDO-SdBNP
_bspa
_cBNPHU
082 _aRD861.44
_bG216pr
100 1 _aGarcía, Ramón Bernardino
_958698
245 1 0 _aPresencia sin tiempo /
_cRamón Bernardino García.
260 _aSanto Domingo :
_bTaller de Encuadernación Bibliófilos,
_c1994.
300 _a195 p. :
_bil. ;
_c22 cm.
590 _aInventariado, 2018/BT
650 0 _aPoesía dominicana
_966
650 0 _aLiteratura dominicana.
_967
910 _aValidado. Control de calidad. MFF
999 _c32446
_d32446